000 00634nam a2200205Ia 4500
005 20230613104829.0
008 131103s9999 xx 000 0 und d
040 _aLoreto College
041 _aEnglish
082 _a940.28
_bALB
100 _aAlbrecht - Carrie,Rene
245 2 _aA Diplomatic history of Europe since the Congress of Vienna
_cRene Albert - Carrie
260 _aLondon
_bMethuen & Co.
_c1958
300 _axvi,736 p.
_b ill.,maps
504 _aIncludes bibliographical references and index
650 _aModern History - Congress of Vienna
651 _aEurope - Modern History
850 _aLCLIB
942 _cBK
999 _c8746
_d59225